Salters Horners Advanced Physics: as Level Students book (Record no. 216)
[ view plain ]
| 000 -LEADER | |
|---|---|
| fixed length control field | 00477nam a22001337a 4500 |
| 005 - DATE AND TIME OF LATEST TRANSACTION | |
| control field | 20260414090420.0 |
| 008 - FIXED-LENGTH DATA ELEMENTS--GENERAL INFORMATION | |
| fixed length control field | 260414b |||||||| |||| 00| 0 eng d |
| 020 ## - INTERNATIONAL STANDARD BOOK NUMBER | |
| International Standard Book Number | 0 435 628909 |
| 100 ## - MAIN ENTRY--PERSONAL NAME | |
| Personal name | Butlin Chris, Connell Tony, Swinbank Elizabeth & Wallis Nigel |
| 245 ## - TITLE STATEMENT | |
| Title | Salters Horners Advanced Physics: as Level Students book |
| Statement of responsibility, etc. | / Chris, Tony, Elizabeth & Nigel |
| 260 ## - PUBLICATION, DISTRIBUTION, ETC. | |
| Place of publication, distribution, etc. | Oxford; |
| Name of publisher, distributor, etc. | Heinemann Educationer Publishers; |
| Date of publication, distribution, etc. | 2000 |
| 300 ## - PHYSICAL DESCRIPTION | |
| Extent | vii,374p.ill; |
| Dimensions | 26.2cm |
| 942 ## - ADDED ENTRY ELEMENTS (KOHA) | |
| Source of classification or shelving scheme | Dewey Decimal Classification |
| Koha item type | Books |
| Suppress in OPAC | No |
No items available.
